Name The Musical - Statistics

General Stats
  • This quiz has been taken 25 times
  • The average score is 7 of 20
Answer Stats
Lyrics Musical (Song) % Correct
"Snowflakes that stay on my nose and eyelashes. Silver white winters that melt into springs" The Sound Of Music ("My Favourite Things")
77%
"Let every creature go for broke and sing. Let's hear it in the herd and on the wing" The Lion King ("I Just Can't Wait To Be King")
59%
"Don't let them in. Don't let them see. Be the good girl you always have to be" Frozen ("Let It Go")
55%
"Blue since the day we parted. Why why, did I ever let you go?" Mamma Mia ("Mamma Mia")
50%
"But there are dreams that cannot be. And there are storms we cannot weather" Les Miserables ("I Dreamed A Dream")
45%
"And the dreams that you dare to dream really do come true" The Wizard Of Oz ("Over The Rainbow")
45%
"All you will see is a girl you once knew. Although she's dressed up to the nines" Evita ("Don't Cry For Me Argentina")
41%
"Hold on till the end. And thats what I intend to do" Grease ("Hopelessly Devoted")
41%
"And suddenly I've found. How wonderful a sound can be" West Side Story ("Maria")
41%
"Bittersweet and strange. Finding you can change. Learning you were wrong" Beauty And The Beast ("Beauty And The Beast")
36%
"We could've been anything that we wanted to be. But don't it make your heart glad" Bugsy Malone ("Bad Guys")
36%
"Hold on hon, we're gonna bunny hug. I bought some asprin down at united drug" Chicago ("All That Jazz")
36%
"Only it's wise to be handy with a rolling pin. When the landlord comes to call" Oliver ("Consider Yourself")
32%
"And the devil will drag you under. By the sharp lapel of your checkered coat" Guys And Dolls ("Sit Down You're Rockin The Boat")
27%
"Put down the knitting, the book and the broom, Its time for a holiday" Cabaret ("Cabaret")
23%
"You ain't seen the best of me yet. Give me time I'll make you forget the rest" Fame ("Fame")
18%
"But if you walk the footsteps of a stranger. You'll learn things you never knew, you never knew" Pocahontas ("Colors of the Wind")
18%
"Have faith in your dreams and someday. Your rainbow will come smiling through" Cinderella ("A Dream Is A Wish Your Heart Makes")
14%
"The sound of her laughter will sing in your dreams. Who can Explain it?" South Pacific ("Some Enchanted Evening")
14%
"It don't seem the same since cosmic light, came into my life, I thought I was divine" The Rocky Horror Picture Show ("Hot Patootie-Bless My Soul")
14%
No matching quizzes found
Score Distribution
Percent of People with Each Score
Percentile by Number Answered
Your Score History
You have not taken this quiz